000 00682 a2200241 4500
260 _aParis
630 _a65 - Gestion et organisation de lindustrie, du commerce, de la communication et des transports
650 _a6 - SCIENCES APPLIQUEES
100 _aGillot, Jean
700 _aLefèbvre, Daniel
260 _bBréal
300 _a335 p.
245 _aPrécis de comptabilité générale : cours et exercices résolus
650 _aComptabilité générale
260 _c1992
300 _b24 cm
100 _lFr
440 _aEnseignement supérieur des techniques de l'entreprise
037 _aDE7237
020 _a2-85394-584-7
999 _c33618
_d33618